000 01068nam0a22002771 4500
001 RU\NLR\INFOCOMM_233\5000094292
005 20250613105904.0
035 _a(NLR Aleph) 009539163
090 _a8935119
_c8935119
100 _a20110325d1961 |||y0rusy50 ca
101 0 _aeng
102 _aRU
105 _ay ||||000|y
200 1 _aProspects of education in the USSR and the activities of Educational, higher school and scientific institution workers' trade union of the USSR
_eAddress by I. I. Grivkov ... at the Meeting of educational workers, participants of the Fifth world trade union congress
210 _aМ.
_d1961
215 _a26 с.
_d29 см
309 _aОтпечат. множит. аппаратом
606 _aНародное образование
_yСССР
_91338451
_3RU\NLR\AUTH\66242696
686 _aПр6-3
_2rubbk
700 1 _aGrivkov
_bI. I.
_4070
712 1 2 _aWorld trade union congress
_d5
_eMoscow
_f1961
_4570
801 1 _aRU
_bNLR
_c20110325
801 0 _aRU
_bNLR
_gPSBO
852 _aNLR
_jПр11 Г-8/16
942 _cBOOK
980 _aNB